| 000 | 00672nam a2200241 a 4500 | ||
|---|---|---|---|
| 005 | 20210219153257.0 | ||
| 008 | 991125n 000 0 u | ||
| 035 | _aUPN01000088146 | ||
| 100 | _aKnowles, Trudy | ||
| 222 | _aSOCIAL EDUCATION | ||
| 245 | _aA missing piece of heart : Children's perceptions of the Persian Gulf War of 1991 | ||
| 300 | _a19-22 | ||
| 362 | _a57, No. 1, 1993 | ||
| 505 | _aOctubre 1993 | ||
| 653 | 0 | _aACTITUDES POLITICAS | |
| 653 | 0 | _aCLASES INTERMEDIAS | |
| 653 | 0 | _aEDUCACION CIVICA | |
| 653 | 0 | _aGRADO 5 | |
| 653 | 0 | _aINVESTIGACION EDUCATIVA | |
| 653 | 0 | _aSOCIALIZACION POLITICA | |
| 904 |
_aAC _b025957 |
||
| 905 | _aArticulo | ||
| 999 |
_c72851 _d72851 |
||